000
00308nam a22001337a 4500
008
170329b xxu||||| |||| 00| 0 eng d
020
_a
9780736044899
041
_a
eng
080
_2
3RD
_a
796.3
100
_a
8
101
_a
SHM
245
_a
PHYSIOLOGY OF SPORT AND EXERCISE
_c
WILMORE, J.H
942
_2
udc
_c
BK
999
_c
8913
_d
8913